000 00524nam a2200217Ia 4500
003 OSt
005 20220927114345.0
006 a|||||r|||| 00| 0
007 ta
008 220926b |||||||| |||| 00| 0 eng d
024 _a150382
037 _cTextbook
040 _aRTL
_cRTL
_beng
041 _2eng
_aeng
082 _a"Y, N7/TD"
100 _aSMITH Vicki
_9388703
245 0 _aNew forms of work organization
260 _c1997
942 _h"Y, N7/TD"
_cCC
999 _c704627
_d704627